[Event "Moscow op-A 15th"]
[Site "Moscow"]
[Date "2019.02.03"]
[Round "9"]
[White "Selivanov, Ivan"]
[Black "Zhukov, Anton"]
[Result "1/2-1/2"]
[WhiteElo "2260"]
[BlackElo "2074"]
[PlyCount "58"]
[EventDate "2019.01.26"]
[EventType "swiss"]
[EventRounds "9"]
[EventCountry "RUS"]
[SourceTitle "CBM 188 Extra"]
[Source "ChessBase"]
[SourceDate "2019.02.28"]
[SourceVersion "1"]
[SourceVersionDate "2019.02.28"]
[SourceQuality "1"]

1. Nh3 Nf6 2. g3 g6 3. Bg2 Bg7 4. e4 e5 5. 0-0 0-0 6. Nc3 d6 7. f4 Bg4 8. Qe1 Qc8 9. Nf2 Be6 10. d3 Nc6 11. Ncd1 exf4 12. Bxf4 d5 13. Qd2 dxe4 14. Nxe4 Nxe4 15. Bxe4 Qd7 16. Nc3 Nd4 17. Rf2 c6 18. Bh6 f5 19. Bg2 Rae8 20. Bxg7 Kxg7 21. Re1 Bf7 22. Rxe8 Rxe8 23. Kf1 Qe6 24. Bh1 Kg8 25. Rf4 Qd7 26. Rf2 Qe6 27. Rf4 Qd7 28. Rf2 Qe6 29. Rf4 Qd7 1/2-1/2

[Event "Moscow op-A 15th"]
[Site "Moscow"]
[Date "2019.01.31"]
[Round "6"]
[White "Selivanov, Ivan"]
[Black "Zein, Hani"]
[Result "0-1"]
[WhiteElo "2260"]
[BlackElo "2081"]
[PlyCount "90"]
[EventDate "2019.01.26"]
[EventType "swiss"]
[EventRounds "9"]
[EventCountry "RUS"]
[SourceTitle "CBM 188 Extra"]
[Source "ChessBase"]
[SourceDate "2019.02.28"]
[SourceVersion "1"]
[SourceVersionDate "2019.02.28"]
[SourceQuality "1"]

1. e4 c5 2. Nf3 d6 3. d4 cxd4 4. Nxd4 Nf6 5. Nc3 a6 6. Nb3 b5 7. a4 b4 8. Nd5 e6 9. Nxf6+ Qxf6 10. g3 a5 11. Bg2 Ba6 12. Be3 Qd8 13. f4 Nd7 14. Qh5 e5 15. Kf2 Nf6 16. Qd1 Qc8 17. Re1 Ng4+ 18. Kg1 Nxe3 19. Rxe3 Be7 20. Bf1 Bxf1 21. Qxf1 0-0 22. Re2 Qc6 23. f5 Bd8 24. Qf3 Bb6+ 25. Kg2 Rac8 26. f6 g6 27. Rd1 Rfd8 28. h4 Kh8 29. Red2 Bc7 30. Nc1 Qxa4 31. Nd3 Bb6 32. Ne1 Bd4 33. Rxd4 exd4 34. Qf4 Qe8 35. Nf3 Qe6 36. Rxd4 Re8 37. Rxd6 Rxc2+ 38. Nd2 Qc4 39. Kh3 Qc8+ 40. g4 Rxb2 41. e5 Rd8 42. Nf3 Rxd6 43. Qh6 Rxf6 44. exf6 Qg8 45. Ng5 Rb3+ 0-1

[Event "Moscow-ch"]
[Site "Moscow"]
[Date "2017.04.02"]
[Round "2"]
[White "Zakhartsov, Vladimir"]
[Black "Selivanov, Ivan"]
[Result "1-0"]
[WhiteElo "2470"]
[BlackElo "2259"]
[PlyCount "99"]
[EventDate "2017.04.01"]
[EventType "swiss"]
[EventRounds "9"]
[EventCountry "RUS"]
[SourceTitle "CBM 177 Extra"]
[Source "ChessBase"]
[SourceDate "2017.04.27"]
[SourceVersion "1"]
[SourceVersionDate "2017.04.27"]
[SourceQuality "1"]

1. e4 c5 2. Nf3 d6 3. c3 Nf6 4. Be2 e6 5. 0-0 Be7 6. Re1 0-0 7. Bf1 Nc6 8. d4 d5 9. e5 Ne4 10. Bd3 f5 11. exf6 Nxf6 12. Nbd2 Bd6 13. Nf1 Qc7 14. Qe2 Bd7 15. Bg5 Rae8 16. Ne3 Ne4 17. Bh4 cxd4 18. cxd4 Rxf3 19. Qxf3 Rf8 20. Qh3 Nb4 21. Rac1 Qb8 22. Bb1 h5 23. a3 Nc6 24. Bxe4 dxe4 25. Bg3 Nxd4 26. Nc4 Bxg3 27. Qxg3 Qxg3 28. hxg3 Bc6 29. Nd6 Rd8 30. Nxe4 Kf7 31. f3 Ke7 32. Kf2 Rf8 33. Rc5 g6 34. b4 a6 35. Rd1 Nb5 36. a4 Nc7 37. Nc3 Nd5 38. Nxd5+ Bxd5 39. Rc7+ Kf6 40. Rd4 Ke5 41. Ke3 Bc6 42. Rf4 Rd8 43. Rg7 Rd1 44. Rxg6 Re1+ 45. Kf2 Rd1 46. b5 axb5 47. axb5 Bd5 48. Rg5+ Kd6 49. Rb4 Rd2+ 50. Kg1 1-0

[Event "Moscow op-A 13th"]
[Site "Moscow"]
[Date "2017.02.01"]
[Round "5"]
[White "Selivanov, Ivan"]
[Black "Dimitrova, Aleksandra"]
[Result "1-0"]
[WhiteElo "2160"]
[BlackElo "2309"]
[PlyCount "75"]
[EventDate "2017.01.28"]
[EventType "swiss"]
[EventRounds "9"]
[EventCountry "RUS"]
[SourceTitle "EXT 2018"]
[Source "ChessBase"]
[SourceDate "2017.10.13"]
[SourceVersion "1"]
[SourceVersionDate "2017.10.13"]
[SourceQuality "1"]

1. e4 c5 2. Nf3 e6 3. d4 cxd4 4. Nxd4 a6 5. c4 Nf6 6. Nc3 Bb4 7. Qd3 d6 8. f3 Nbd7 9. Bg5 h6 10. Be3 Qc7 11. a3 Bc5 12. Be2 Ne5 13. Qd2 Bd7 14. 0-0 0-0 15. Rac1 Rac8 16. Kh1 Qb8 17. g4 Ng6 18. b4 Bb6 19. g5 hxg5 20. Bxg5 Nh7 21. Be3 Bd8 22. Rg1 Bf6 23. Rg2 Rfd8 24. Rcg1 Kh8 25. f4 e5 26. Nf5 exf4 27. Bd4 Be5 28. h4 Bxf5 29. exf5 Nxh4 30. Rh2 Nxf5 31. Bd3 Nh6 32. Bxh7 Kxh7 33. Rxh6+ gxh6 34. Qd3+ Kh8 35. Qh3 Kh7 36. Qf5+ Kh8 37. Bxe5+ f6 38. Qxf6+ 1-0

[Event "Chigorin Memorial 24th"]
[Site "St Petersburg"]
[Date "2016.10.19"]
[Round "5"]
[White "Selivanov, Ivan"]
[Black "Maksimovich, Sergey"]
[Result "1-0"]
[WhiteElo "2094"]
[BlackElo "1797"]
[PlyCount "83"]
[EventDate "2016.10.15"]
[EventType "swiss"]
[EventRounds "9"]
[EventCountry "RUS"]
[SourceTitle "CBM 175 Extra"]
[Source "ChessBase"]
[SourceDate "2016.12.12"]
[SourceVersion "1"]
[SourceVersionDate "2016.12.12"]
[SourceQuality "1"]

1. e4 c5 2. Nf3 d6 3. d4 cxd4 4. Nxd4 Nf6 5. Nc3 a6 6. Bg5 e6 7. Qe2 Be7 8. f4 Nc6 9. 0-0-0 h6 10. Bh4 Nxd4 11. Rxd4 Nd7 12. Bxe7 Qxe7 13. Qd2 0-0 14. Rxd6 Nb8 15. e5 Bd7 16. Bd3 Bb5 17. Rd1 Bxd3 18. Qxd3 Nc6 19. a3 Rad8 20. g3 Qc7 21. Ne4 Qb6 22. h4 Rc8 23. g4 Rc7 24. g5 h5 25. Nf6+ gxf6 26. gxf6 Qf2 27. Rf1 Nxe5 28. fxe5 Rxc2+ 29. Qxc2 Qxf1+ 30. Rd1 Qf4+ 31. Kb1 Kh8 32. Qc5 Rg8 33. Rd7 b6 34. Qxb6 Qxe5 35. Rxf7 Rb8 36. Qf2 Qe4+ 37. Qc2 Rxb2+ 38. Kxb2 Qd4+ 39. Qc3 Qb6+ 40. Kc2 Qf2+ 41. Kb3 Qb6+ 42. Qb4 1-0

[Event "Chigorin Memorial 24th"]
[Site "St Petersburg"]
[Date "2016.10.16"]
[Round "2"]
[White "Matchenya, Ivan"]
[Black "Selivanov, Ivan"]
[Result "0-1"]
[WhiteElo "1812"]
[BlackElo "2094"]
[PlyCount "50"]
[EventDate "2016.10.15"]
[EventType "swiss"]
[EventRounds "9"]
[EventCountry "RUS"]
[SourceTitle "CBM 175 Extra"]
[Source "ChessBase"]
[SourceDate "2016.12.12"]
[SourceVersion "1"]
[SourceVersionDate "2016.12.12"]
[SourceQuality "1"]

1. e4 c5 2. Nc3 d6 3. f4 Nc6 4. Bb5 Bd7 5. Nf3 g6 6. d3 Bg7 7. 0-0 a6 8. Bxc6 Bxc6 9. Qe1 Qd7 10. Bd2 Nh6 11. Qh4 f5 12. Rae1 0-0 13. Ng5 Rae8 14. Ne2 fxe4 15. dxe4 e5 16. h3 d5 17. fxe5 Rxf1+ 18. Rxf1 Rxe5 19. Bf4 Re8 20. e5 d4 21. e6 Qd5 22. Rf2 Rf8 23. Ng3 d3 24. Rd2 Qd4+ 25. Rf2 d2 0-1

[Event "Chigorin Memorial 24th"]
[Site "St Petersburg"]
[Date "2016.10.15"]
[Round "1"]
[White "Selivanov, Ivan"]
[Black "Burmakin, Vladimir"]
[Result "0-1"]
[WhiteElo "2094"]
[BlackElo "2545"]
[PlyCount "58"]
[EventDate "2016.10.15"]
[EventType "swiss"]
[EventRounds "9"]
[EventCountry "RUS"]
[SourceTitle "CBM 175 Extra"]
[Source "ChessBase"]
[SourceDate "2016.12.12"]
[SourceVersion "1"]
[SourceVersionDate "2016.12.12"]
[SourceQuality "1"]

1. e4 c6 2. d4 d5 3. Nc3 dxe4 4. Nxe4 Nd7 5. Bd3 Ndf6 6. Ng5 Bg4 7. N5f3 e6 8. Be3 Qb6 9. Qc1 Nd5 10. Ne5 Nxe3 11. fxe3 Nf6 12. Ngf3 Be7 13. 0-0 Bxf3 14. Rxf3 Qc7 15. Qe1 Bd6 16. Qg3 Bxe5 17. dxe5 Nd7 18. Qxg7 Rf8 19. Bxh7 Nxe5 20. Rff1 0-0-0 21. Be4 Rg8 22. Qf6 Ng4 23. Qf4 f5 24. Bf3 Qb6 25. Rfe1 Qxb2 26. Rab1 Qc3 27. Qa4 Ne5 28. Be2 Qxe3+ 29. Kf1 Rd4 0-1

[Event "Moscow op-A"]
[Site "Moscow"]
[Date "2016.02.02"]
[Round "4"]
[White "Selivanov, Ivan"]
[Black "Fakhrutdinov, Timur"]
[Result "0-1"]
[WhiteElo "2210"]
[BlackElo "2320"]
[PlyCount "86"]
[EventDate "2016.01.30"]
[EventType "swiss"]
[EventRounds "9"]
[EventCountry "RUS"]
[SourceTitle "CBM 170 Extra"]
[Source "ChessBase"]
[SourceDate "2016.02.25"]
[SourceVersion "1"]
[SourceVersionDate "2016.02.25"]
[SourceQuality "1"]

1. e4 c5 2. Nf3 Nc6 3. d4 cxd4 4. Nxd4 g6 5. c4 Bg7 6. Be3 Nf6 7. Nc3 0-0 8. Be2 b6 9. 0-0 Bb7 10. f3 Nh5 11. Nxc6 dxc6 12. Qc2 Bd4 13. Qd2 Bc5 14. Qc1 Bxe3+ 15. Qxe3 e5 16. Rad1 Qe7 17. c5 Nf4 18. g3 Ne6 19. cxb6 axb6 20. Bc4 Nd4 21. Kg2 Qb4 22. Bb3 Nxb3 23. axb3 Qxb3 24. Rd7 Bc8 25. Rc7 Ra2 26. Rf2 Rxb2 27. Rxc6 Bd7 28. Rc7 Be6 29. Qg5 Rxf2+ 30. Kxf2 Qc2+ 31. Ke1 Ra8 32. Qd2 Ra1+ 33. Ke2 Qxd2+ 34. Kxd2 Rh1 35. Rb7 Rxh2+ 36. Kd3 Rb2 37. f4 exf4 38. gxf4 h5 39. Nd5 h4 40. Nf6+ Kg7 41. e5 Rb4 42. Ke3 g5 43. fxg5 Kg6 0-1

[Event "Chigorin Memorial 23rd"]
[Site "St Petersburg"]
[Date "2015.10.09"]
[Round "7"]
[White "Selivanov, Ivan"]
[Black "Slavin, Alexei"]
[Result "0-1"]
[WhiteElo "2254"]
[BlackElo "2401"]
[PlyCount "70"]
[EventDate "2015.10.03"]
[EventType "swiss"]
[EventRounds "9"]
[EventCountry "RUS"]
[SourceTitle "CBM 168 Extra"]
[Source "ChessBase"]
[SourceDate "2015.10.29"]
[SourceVersion "1"]
[SourceVersionDate "2015.10.29"]
[SourceQuality "1"]

1. e4 e5 2. Nf3 Nc6 3. Bb5 Nge7 4. 0-0 g6 5. c3 a6 6. Bc4 Bg7 7. d4 exd4 8. cxd4 b5 9. Bb3 0-0 10. Bg5 h6 11. Bh4 Na5 12. Bc2 Nc4 13. b3 Nb6 14. a4 d6 15. axb5 axb5 16. Rxa8 Nxa8 17. Nc3 Bd7 18. Nd5 g5 19. Nxe7+ Qxe7 20. Bg3 Nb6 21. Re1 Bg4 22. e5 dxe5 23. Qd3 Rd8 24. Qh7+ Kf8 25. Nxe5 Qb4 26. Kf1 Re8 27. f3 Be6 28. Bf2 Nd5 29. Bb1 Qxb3 30. Qe4 Nc3 31. Qh7 Nxb1 32. Rxb1 Qc3 33. Be1 Qxd4 34. Nd3 Bc4 35. Rd1 Re3 0-1

[Event "Chigorin Memorial 23rd"]
[Site "St Petersburg"]
[Date "2015.10.05"]
[Round "3"]
[White "Selivanov, Ivan"]
[Black "Tersinsev, Andrey"]
[Result "0-1"]
[WhiteElo "2254"]
[BlackElo "2023"]
[PlyCount "100"]
[EventDate "2015.10.03"]
[EventType "swiss"]
[EventRounds "9"]
[EventCountry "RUS"]
[SourceTitle "CBM 168 Extra"]
[Source "ChessBase"]
[SourceDate "2015.10.29"]
[SourceVersion "1"]
[SourceVersionDate "2015.10.29"]
[SourceQuality "1"]

1. e4 c5 2. Nf3 Nc6 3. d3 g6 4. Nbd2 Bg7 5. g3 d6 6. Bg2 e5 7. 0-0 Nge7 8. a4 0-0 9. Nc4 h6 10. c3 Be6 11. Re1 Qd7 12. Qe2 f5 13. Rd1 Qc7 14. h4 f4 15. Nh2 Rf7 16. Bd2 Raf8 17. Be1 b6 18. Rac1 h5 19. f3 fxg3 20. Bxg3 Bh6 21. Rc2 a6 22. d4 Bxc4 23. Qxc4 Na5 24. Qe2 c4 25. dxe5 dxe5 26. Qe1 Nb3 27. Bf1 Kh7 28. Rg2 g5 29. hxg5 Bxg5 30. Bf2 Bf4 31. Bg3 Ng6 32. Kh1 b5 33. axb5 axb5 34. Bxf4 Nxf4 35. Rg5 Rg8 36. Rxg8 Kxg8 37. Bh3 Nc5 38. Bf5 Qe7 39. Qe3 Ncd3 40. Qb6 Rg7 41. Ra1 Qb7 42. Be6+ Nxe6 43. Qxe6+ Qf7 44. Qb6 Qf4 45. Rf1 Qg3 46. Ng4 hxg4 47. Qe6+ Rf7 48. Qg6+ Kf8 49. Qh6+ Ke7 50. Qg5+ Kd7 0-1

[Event "Voronezh op-A 19th"]
[Site "Voronezh"]
[Date "2015.06.19"]
[Round "8"]
[White "Yeletsky, Ivan"]
[Black "Selivanov, Ivan"]
[Result "1-0"]
[WhiteElo "2314"]
[BlackElo "2228"]
[PlyCount "115"]
[EventDate "2015.06.12"]
[EventType "swiss"]
[EventRounds "9"]
[EventCountry "RUS"]
[SourceTitle "CBM 167 Extra"]
[Source "ChessBase"]
[SourceDate "2015.09.14"]
[SourceVersion "1"]
[SourceVersionDate "2015.09.14"]
[SourceQuality "1"]

1. e4 e5 2. Nf3 Nc6 3. Bb5 a6 4. Ba4 Nf6 5. 0-0 Be7 6. Re1 d6 7. Bxc6+ bxc6 8. d4 exd4 9. Nxd4 Bd7 10. Nc3 0-0 11. Qf3 g6 12. e5 Ng4 13. Nxc6 Bxc6 14. Qxc6 Nxe5 15. Qa4 Bf6 16. Bh6 Re8 17. Nd5 c6 18. Nxf6+ Qxf6 19. Qf4 Nd7 20. Qxf6 Nxf6 21. Bf4 d5 22. f3 Re6 23. Kf2 Kf8 24. Re3 Rxe3 25. Kxe3 Re8+ 26. Kd3 Re6 27. b3 Ke8 28. c4 c5 29. Rb1 a5 30. Bd2 Kd7 31. Bxa5 Ra6 32. Bc3 d4 33. Bb2 Rxa2 34. b4 Kc6 35. bxc5 Nd7 36. Kxd4 Nxc5 37. Kc3 g5 38. g4 h6 39. h3 f6 40. Ra1 Rxa1 41. Bxa1 Ne6 42. Kb4 Nf4 43. Bd4 Nd3+ 44. Kc3 Ne1 45. Bxf6 Nxf3 46. Kd3 Kc5 47. Bg7 Ne1+ 48. Kc3 Nf3 49. Bxh6 Ne5 50. Bf8+ Kc6 51. Bg7 Nf3 52. Bd4 Ne1 53. Be3 Nf3 54. Kd3 Ne5+ 55. Kd4 Kd6 56. c5+ Ke6 57. Ke4 Nf7 58. Bd2 1-0

[Event "Voronezh op-A 19th"]
[Site "Voronezh"]
[Date "2015.06.18"]
[Round "7"]
[White "Selivanov, Ivan"]
[Black "Esipenko, Andrey"]
[Result "1/2-1/2"]
[WhiteElo "2228"]
[BlackElo "2355"]
[PlyCount "79"]
[EventDate "2015.06.12"]
[EventType "swiss"]
[EventRounds "9"]
[EventCountry "RUS"]
[SourceTitle "CBM 167 Extra"]
[Source "ChessBase"]
[SourceDate "2015.09.14"]
[SourceVersion "1"]
[SourceVersionDate "2015.09.14"]
[SourceQuality "1"]

1. e4 c6 2. d4 d5 3. Nd2 dxe4 4. Nxe4 Bf5 5. Ng3 Bg6 6. Nf3 Nd7 7. h4 h6 8. h5 Bh7 9. Bd3 Bxd3 10. Qxd3 e6 11. Bd2 Ngf6 12. 0-0-0 Be7 13. Ne4 Qb6 14. Nxf6+ Bxf6 15. Qa3 Be7 16. Qa4 Nf6 17. Ne5 Qb5 18. Qxb5 cxb5 19. g4 Bd6 20. Rhg1 Nd5 21. Nd3 f6 22. f4 Kf7 23. Rde1 Rac8 24. Rg2 Rc4 25. Re4 Rhc8 26. Be1 Nxf4 27. Rxf4 Bxf4+ 28. Nxf4 Rxd4 29. Nh3 b6 30. Nf2 e5 31. Bd2 Rdc4 32. c3 b4 33. Kb1 bxc3 34. Bxc3 Ke6 35. Nd1 Re4 36. Kc2 Rd8 37. Bd2 Rc8+ 38. Bc3 Ra4 39. Kb3 Re4 40. Kc2 1/2-1/2

[Event "Voronezh op-A 19th"]
[Site "Voronezh"]
[Date "2015.06.14"]
[Round "3"]
[White "Selivanov, Ivan"]
[Black "Ulko, Jaroslav"]
[Result "0-1"]
[WhiteElo "2228"]
[BlackElo "2460"]
[PlyCount "66"]
[EventDate "2015.06.12"]
[EventType "swiss"]
[EventRounds "9"]
[EventCountry "RUS"]
[SourceTitle "CBM 167 Extra"]
[Source "ChessBase"]
[SourceDate "2015.09.14"]
[SourceVersion "1"]
[SourceVersionDate "2015.09.14"]
[SourceQuality "1"]

1. e4 c5 2. Nf3 e6 3. d3 Nc6 4. Nbd2 d6 5. g3 g6 6. Bg2 Bg7 7. 0-0 Nge7 8. Re1 0-0 9. Nf1 b5 10. c3 b4 11. d4 bxc3 12. bxc3 cxd4 13. cxd4 Rb8 14. Ba3 a5 15. e5 Nb4 16. Bxb4 axb4 17. N1d2 dxe5 18. dxe5 Bb7 19. Nc4 Bd5 20. Nfd2 Nc6 21. f4 f6 22. Qg4 fxe5 23. fxe5 Rf5 24. Rad1 Bxe5 25. Nf1 Qf6 26. Bxd5 exd5 27. Nce3 Bd4 28. Kh1 Rg5 29. Qf4 Rf8 30. Qc7 Re5 31. Rc1 Qf3+ 32. Kg1 Rxe3 33. Qxc6 Rxe1# 0-1

[Event "Moscow op-A"]
[Site "Moscow"]
[Date "2015.02.02"]
[Round "3"]
[White "Tarasov, Oleg"]
[Black "Selivanov, Ivan"]
[Result "1-0"]
[WhiteElo "2247"]
[BlackElo "2149"]
[PlyCount "121"]
[EventDate "2015.01.31"]
[EventType "swiss"]
[EventRounds "9"]
[EventCountry "RUS"]
[SourceTitle "CBM 164 Extra"]
[Source "ChessBase"]
[SourceDate "2015.03.02"]
[SourceVersion "1"]
[SourceVersionDate "2015.03.02"]
[SourceQuality "1"]

1. e4 c5 2. c3 d5 3. exd5 Qxd5 4. d4 Nf6 5. Nf3 Bg4 6. dxc5 Qxd1+ 7. Kxd1 e5 8. b4 e4 9. h3 Bh5 10. g4 Nxg4 11. hxg4 Bxg4 12. Nbd2 Nc6 13. Kc2 exf3 14. Bd3 0-0-0 15. Nc4 h5 16. a4 f6 17. a5 g5 18. a6 Rxd3 19. axb7+ Kxb7 20. Kxd3 Bf5+ 21. Ke3 g4 22. Nd6+ Bxd6 23. cxd6 Ne5 24. Kf4 Be6 25. Be3 a6 26. Bd4 Ng6+ 27. Ke3 Bf5 28. Bxf6 Re8+ 29. Be7 Nxe7 30. dxe7 Rxe7+ 31. Kf4 Bg6 32. Rhe1 Rc7 33. Ra5 Bd3 34. Rxh5 Rxc3 35. Re7+ Kb6 36. Re6+ Rc6 37. Rxc6+ Kxc6 38. Kxg4 Be2 39. Kf4 Kb6 40. Ke3 Kc6 41. Rf5 Kb6 42. Re5 Kc6 43. Kd2 Bf1 44. Re3 Bg2 45. Rd3 Kb6 46. Kc3 a5 47. bxa5+ Kxa5 48. Kd4 Kb5 49. Ke4 Kc5 50. Kf4 Kc6 51. Rxf3 Bxf3 52. Kxf3 Kd5 53. Kg4 Ke6 54. Kf4 Kf6 55. f3 Ke6 56. Kg5 Ke5 57. f4+ Ke6 58. Kg6 Ke7 59. f5 Kf8 60. Kf6 Ke8 61. Kg7 1-0

[Event "Voronezh op-B 18th"]
[Site "Voronezh"]
[Date "2014.06.20"]
[Round "9"]
[White "Selivanov, Ivan"]
[Black "Lomakina, Galja"]
[Result "1-0"]
[WhiteElo "1983"]
[BlackElo "2128"]
[PlyCount "119"]
[EventDate "2014.06.12"]
[EventType "swiss"]
[EventRounds "9"]
[EventCountry "RUS"]
[SourceTitle "EXT 2015"]
[Source "ChessBase"]
[SourceDate "2014.11.20"]
[SourceVersion "1"]
[SourceVersionDate "2014.11.20"]
[SourceQuality "1"]

1. e4 g6 2. d4 Bg7 3. Nc3 c6 4. Be3 d6 5. Qd2 b5 6. h4 h5 7. f3 a6 8. Nh3 Nd7 9. Ng5 Ngf6 10. e5 b4 11. Nd1 dxe5 12. dxe5 Nd5 13. e6 Ne5 14. exf7+ Nxf7 15. Nxf7 Kxf7 16. Bc4 e6 17. Bd4 e5 18. Bf2 Re8 19. 0-0 Bf6 20. Ne3 Be6 21. Rad1 Nxe3 22. Qxe3 Qe7 23. Bd3 Kg7 24. Qe4 Bf7 25. Qxc6 Bxh4 26. Bxh4 Qxh4 27. Bxa6 Qf4 28. Rfe1 Rad8 29. Qe4 Qxe4 30. fxe4 Ra8 31. Be2 Re7 32. Ra1 Rc7 33. Bd3 Rca7 34. a3 bxa3 35. bxa3 Rxa3 36. Rab1 R8a7 37. Rb5 Re7 38. Reb1 Raa7 39. Rc5 Be8 40. Kf2 Ra2 41. Ke3 Ra3 42. Rc8 Ba4 43. Ra8 Rd7 44. Rb4 Raxd3+ 45. cxd3 Bc2 46. Ra3 Bd1 47. Rb5 Kf6 48. Ra6+ Kf7 49. Rxe5 h4 50. d4 Bg4 51. Kf4 Be2 52. Ra2 Bf1 53. d5 Kg7 54. Kg5 Rd6 55. Re7+ Kf8 56. Rb7 Ke8 57. Kxh4 Bd3 58. Ra8+ Rd8 59. Rxd8+ Kxd8 60. Rb4 1-0

[Event "Voronezh op-B 18th"]
[Site "Voronezh"]
[Date "2014.06.17"]
[Round "6"]
[White "Puchko, Nikolay"]
[Black "Selivanov, Ivan"]
[Result "1/2-1/2"]
[WhiteElo "1845"]
[BlackElo "1983"]
[PlyCount "105"]
[EventDate "2014.06.12"]
[EventType "swiss"]
[EventRounds "9"]
[EventCountry "RUS"]
[SourceTitle "EXT 2015"]
[Source "ChessBase"]
[SourceDate "2014.11.20"]
[SourceVersion "1"]
[SourceVersionDate "2014.11.20"]
[SourceQuality "1"]

1. e4 c5 2. Nf3 a6 3. c4 e6 4. d4 cxd4 5. Nxd4 Nf6 6. Nc3 d6 7. Be3 Be7 8. f3 Qc7 9. Be2 Nbd7 10. 0-0 b6 11. Qd2 0-0 12. Rac1 Bb7 13. Rfd1 Rac8 14. b3 Rfe8 15. Kh1 Qb8 16. Nc2 h6 17. g3 Ba8 18. Bf1 Ne5 19. Nd4 Rcd8 20. Bg2 d5 21. cxd5 exd5 22. f4 Neg4 23. e5 Ba3 24. Rb1 Nxe3 25. Qxe3 Bb4 26. Rbc1 Rc8 27. h3 Bxc3 28. Rxc3 Ne4 29. Rxc8 Rxc8 30. Kh2 Rc3 31. Rd3 Rxd3 32. Qxd3 Qc8 33. Qc2 Qxc2 34. Nxc2 Nc3 35. a3 a5 36. Kg1 Bb7 37. Kf2 Kf8 38. Ke1 Ke7 39. Kd2 Nb5 40. Bf1 Nc7 41. Nd4 g6 42. Kc3 Ba6 43. Bxa6 Nxa6 44. b4 axb4+ 45. axb4 h5 46. Nc2 Nc7 47. Nd4 Ne6 48. Nxe6 fxe6 49. Kd4 Kd7 50. b5 Ke8 51. g4 hxg4 52. hxg4 Ke7 53. g5 1/2-1/2

[Event "Voronezh op-B 18th"]
[Site "Voronezh"]
[Date "2014.06.16"]
[Round "5"]
[White "Selivanov, Ivan"]
[Black "Fadin, Evgeny"]
[Result "0-1"]
[WhiteElo "1983"]
[BlackElo "2113"]
[PlyCount "110"]
[EventDate "2014.06.12"]
[EventType "swiss"]
[EventRounds "9"]
[EventCountry "RUS"]
[SourceTitle "EXT 2015"]
[Source "ChessBase"]
[SourceDate "2014.11.20"]
[SourceVersion "1"]
[SourceVersionDate "2014.11.20"]
[SourceQuality "1"]

1. e4 c5 2. Nf3 Nc6 3. d3 d6 4. g3 Nf6 5. Bg2 g6 6. 0-0 Bg7 7. Nbd2 0-0 8. Re1 e5 9. c3 Re8 10. Nf1 Rb8 11. h3 b5 12. Be3 b4 13. c4 Ne7 14. N3h2 Be6 15. g4 Nd7 16. Ng3 Rf8 17. Nf3 f6 18. Qd2 Nb6 19. Bh6 Qd7 20. Bxg7 Kxg7 21. Nh4 Nc6 22. Rf1 Qd8 23. Nf3 Rh8 24. Ne1 Qd7 25. Kh2 Nd8 26. f4 exf4 27. Qxf4 Qe7 28. h4 Nd7 29. Bh3 Nc6 30. Nf3 Nce5 31. Rad1 Rhf8 32. b3 Nxf3+ 33. Qxf3 Ne5 34. Qe2 Qd7 35. Rf4 h5 36. d4 cxd4 37. Rxd4 hxg4 38. Bg2 Qc7 39. Qd1 Rh8 40. Kg1 Rxh4 41. Rxd6 Nf7 42. e5 Nxd6 43. exd6 Qb6+ 44. Rf2 Qe3 45. Qa1 Rf8 46. Nf1 Qc5 47. Qe1 Qxd6 48. Qe3 Rf7 49. Re2 Bc8 50. Bd5 Rc7 51. Nd2 Bf5 52. Qf2 Rh3 53. Re8 Re7 54. Rg8+ Kh7 55. Nf1 Be4 0-1

[Event "Voronezh op-B 18th"]
[Site "Voronezh"]
[Date "2014.06.12"]
[Round "1"]
[White "Selivanov, Ivan"]
[Black "Kolyuzhnov, Vladislav"]
[Result "1-0"]
[WhiteElo "1983"]
[BlackElo "1651"]
[PlyCount "57"]
[EventDate "2014.06.12"]
[EventType "swiss"]
[EventRounds "9"]
[EventCountry "RUS"]
[SourceTitle "EXT 2015"]
[Source "ChessBase"]
[SourceDate "2014.11.20"]
[SourceVersion "1"]
[SourceVersionDate "2014.11.20"]
[SourceQuality "1"]

1. e4 e6 2. d4 d5 3. e5 c5 4. c3 Qb6 5. Nf3 Nc6 6. a3 c4 7. Nbd2 Bd7 8. g3 Nge7 9. Bxc4 Na5 10. Be2 Rc8 11. b4 Nc4 12. Bxc4 dxc4 13. Ne4 Nd5 14. 0-0 h6 15. Nh4 Be7 16. Qg4 g5 17. Ng2 h5 18. Qe2 g4 19. a4 Nxc3 20. Nxc3 Qxd4 21. Bb2 Bxb4 22. Ne4 Qb6 23. Ba3 Bxa3 24. Rxa3 Ke7 25. Qd2 Rhd8 26. Qg5+ Kf8 27. Qh6+ Ke7 28. Qf6+ Kf8 29. Nf4 1-0